Slime Rancher - Nom des slimes - Statistiques

Statistiques générales
  • Ce quiz a été pris 28 fois
  • Le résultat moyen est 19 sur 31
Statistiques - réponses
Par images Réponse % Correct
Slime Mielleux
100%
Slime Rad
100%
Slime Boum
94%
Slime Doré
94%
Slime Rose
94%
Slime Chasseur
88%
Slime de Cristal
88%
Slime Rocheux
82%
Slime à Dents de sabre
76%
Slime Mosaïque
71%
Slime Œuf
71%
Slime Quantique
71%
Slime Tigré
71%
Goudrron
65%
Slime Aqueux
65%
Slime Ardent
65%
Slime Papillon
59%
Slime Derviche
53%
Slime Phosphorescent
53%
Slime Vif-Argent
53%
Slime Buggé
47%
Slime de Coton
41%
Slime d'Ombre
41%
Hyper slime
35%
Slime Vrillé
35%
Slime Baudroie
29%
Slime Doublé
29%
Slime Dodo
24%
Slime Porte-Bonheur
24%
Slime Raton
24%
Slime Chiroptère
18%
Aucun quiz correspondant
Distribution des résultats
% des personnes avec chaque résultat
Percentile par nombre de réponses
Votre historique - résultats
Vous n’avez pas pris ce quiz